000 00449nam a2200193Ia 4500
005 20240823033933.0
008 240823s9999||||xx |||||||||||||| ||und||
020 _a978-81-264-1864-0
041 _aMALAYALAM
082 _A894.8123 Q0
100 _aSholom Aleichem
245 0 _aAnantharavakasikal
250 _a1st
260 _c2010
_b"D C Books,Kot"
500 _aYES
650 _aShort Stories
_bGeneral
942 _cBK
999 _c197018
_d197018